| 000 | 005820000a22001810004500 | ||
|---|---|---|---|
| 003 | MACL | ||
| 005 | 20160128125154.0 | ||
| 008 | 160128b xxu||||| |||| 00| 0 eng d | ||
| 040 |
_aMACL _cMACL |
||
| 041 | _aHindi | ||
| 082 | _a378/KIR | ||
| 100 |
_aकिरण _934809 |
||
| 245 | _aएस. एस. सी कम्बाइन्ड मैट्रिक लेवल मुख्य परीक्षा | ||
| 260 |
_bकिरण प्रकाशन _aनई दिल्ली |
||
| 350 | _a100 | ||
| 650 |
_aEducation _934810 |
||
| 942 |
_cHIN _k378/KIR _2ddc |
||
| 999 |
_c30864 _d30864 |
||